000 00589nam a22001457a 4500
020 _a978-81-85986-04-3
082 _a823
_bNAR/S
100 _aNARAYAN, R.K
245 _aMr.SAMPATH
_bTHE PRINTER OF MALGUDI
260 _aCHENNAI
_bINDIAN THOUGHT PUBLICATIONS
_c2011
300 _a219
520 _a'Mr. Sampath' is the novel of Malgudi's printer and big talker who dons many caps to earn fame, reputation, and money. The novel is set in the first decade of India's independence in the fictional South Indian town of Malgudi, created by R.K. Narayan.
650 _aNOVEL
_zINDIA
942 _cBK
999 _c3631
_d3631